[Event "Barcelona Primavera La Lira op 10th"]
[Site "Barcelona"]
[Date "2017.06.01"]
[Round "7"]
[White "Alcaraz Salas, Ricard"]
[Black "Massanet Miret, Pere"]
[Result "0-1"]
[WhiteElo "1659"]
[BlackElo "1730"]
[PlyCount "116"]
[EventDate "2017.04.20"]
[EventType "swiss"]
[EventRounds "9"]
[EventCountry "ESP"]
[SourceTitle "EXT 2018"]
[Source "ChessBase"]
[SourceDate "2017.10.13"]
[SourceVersion "1"]
[SourceVersionDate "2017.10.13"]
[SourceQuality "1"]

1. e4 c6 2. d4 d5 3. Nc3 dxe4 4. Nxe4 Bf5 5. Ng3 Bg6 6. Nf3 Nd7 7. Bd3 Bxd3 8. Qxd3 e6 9. 0-0 Ngf6 10. Re1 Be7 11. c4 0-0 12. Bd2 Re8 13. Bc3 Qc7 14. Rad1 Rad8 15. Qc2 a5 16. a3 b6 17. b4 axb4 18. axb4 Ra8 19. Ra1 Qb7 20. Ne5 Rxa1 21. Rxa1 Ra8 22. Rxa8+ Qxa8 23. Qb2 h6 24. h3 Nxe5 25. dxe5 Nd7 26. Ne2 Qa6 27. Qb3 Qb7 28. Qc2 Nb8 29. Qd2 Qc7 30. g3 Bf8 31. f4 Na6 32. Nc1 Qe7 33. Na2 Nb8 34. Nc1 Qd7 35. Qxd7 Nxd7 36. Nd3 c5 37. b5 Be7 38. Kf2 f6 39. Kf3 Kf7 40. Ke4 f5+ 41. Kf3 g5 42. Bd2 Kg6 43. Be1 Bd8 44. Bd2 Kf7 45. Be1 Nf8 46. h4 gxh4 47. gxh4 Kg6 48. Kg3 Kh5 49. Kh3 Ng6 50. Bf2 Nxh4 51. Bxh4 Bxh4 52. Nxc5 bxc5 53. b6 Bd8 54. b7 Bc7 55. Kg3 Kg6 56. Kh4 Bb8 57. Kg3 Kf7 58. Kh4 Ke7 0-1

[Event "Barcelona Seniors 55 op 2nd"]
[Site "Barcelona"]
[Date "2015.05.04"]
[Round "7"]
[White "Massanet Miret, Pere"]
[Black "Cobo Sampron, Ramon"]
[Result "1-0"]
[WhiteElo "1919"]
[BlackElo "1859"]
[PlyCount "103"]
[EventDate "2015.03.16"]
[EventType "swiss"]
[EventRounds "8"]
[EventCountry "ESP"]
[SourceTitle "EXT 2016"]
[Source "ChessBase"]
[SourceDate "2015.10.08"]
[SourceVersion "1"]
[SourceVersionDate "2015.10.08"]
[SourceQuality "1"]

1. d4 e6 2. Bf4 d5 3. Nf3 Nf6 4. h3 c5 5. c3 Be7 6. e3 Nc6 7. Bd3 Qb6 8. b3 cxd4 9. cxd4 Nb4 10. 0-0 Nxd3 11. Qxd3 Bd7 12. Nc3 Ne4 13. Rfc1 Ba3 14. Rc2 Nxc3 15. Qxc3 0-0 16. Ne5 Bb5 17. Qd2 Bd6 18. Bh2 Rfc8 19. Rac1 Rxc2 20. Rxc2 Qd8 21. Qc3 f6 22. Nd3 Bxd3 23. Qxd3 Bxh2+ 24. Kxh2 Rc8 25. b4 g6 26. a4 Kf7 27. a5 Qd6+ 28. g3 Rxc2 29. Qxc2 Qxb4 30. Qc7+ Qe7 31. Qb8 Kg7 32. Qxa7 Qf7 33. Kg2 h5 34. f4 Kh6 35. a6 Qc7 36. Qc5 Qb8 37. a7 Qe8 38. Qa3 Qa8 39. Kf2 g5 40. Kf3 Kg6 41. Ke2 b5 42. Qa6 Kf7 43. Kd3 b4 44. Kc2 Ke7 45. Kb3 Kd7 46. Qb6 Kc8 47. Qxe6+ Kc7 48. Qxf6 gxf4 49. gxf4 Qc8 50. Qe7+ Kb6 51. Qc5+ Qxc5 52. dxc5+ 1-0

[Event "Barcelona Seniors 55 op 2nd"]
[Site "Barcelona"]
[Date "2015.03.23"]
[Round "2"]
[White "Daguro Dasalla, Armando"]
[Black "Massanet Miret, Pere"]
[Result "1-0"]
[WhiteElo "2179"]
[BlackElo "1919"]
[PlyCount "37"]
[EventDate "2015.03.16"]
[EventType "swiss"]
[EventRounds "8"]
[EventCountry "ESP"]
[SourceTitle "EXT 2016"]
[Source "ChessBase"]
[SourceDate "2015.10.08"]
[SourceVersion "1"]
[SourceVersionDate "2015.10.08"]
[SourceQuality "1"]

1. Nf3 d5 2. d4 Nf6 3. c4 c6 4. Nc3 Bg4 5. cxd5 cxd5 6. Ne5 Bf5 7. Qb3 b6 8. e3 e6 9. Bb5+ Nbd7 10. 0-0 Bd6 11. Qa4 a6 12. Bc6 b5 13. Nxb5 axb5 14. Qxa8 Qxa8 15. Bxa8 Nxe5 16. dxe5 Bxe5 17. Bc6+ Ke7 18. Bxb5 Rb8 19. a4 1-0

[Event "Barcelona Primavera La Lira op 7th"]
[Site "Barcelona"]
[Date "2014.06.19"]
[Round "9"]
[White "Fernandez Sopuerta, Pablo"]
[Black "Massanet Miret, Pere"]
[Result "1/2-1/2"]
[WhiteElo "1640"]
[BlackElo "1712"]
[PlyCount "95"]
[EventDate "2014.04.03"]
[EventType "swiss"]
[EventRounds "9"]
[EventCountry "ESP"]
[SourceTitle "EXT 2015"]
[Source "ChessBase"]
[SourceDate "2014.11.20"]
[SourceVersion "1"]
[SourceVersionDate "2014.11.20"]
[SourceQuality "1"]

1. e4 d5 2. exd5 Qxd5 3. Nc3 Qd6 4. d4 Nf6 5. Nf3 a6 6. Bc4 e6 7. 0-0 Be7 8. Re1 c6 9. Ne5 0-0 10. Bf4 Qd8 11. Qd3 Nd5 12. Nxd5 exd5 13. Bb3 Bd6 14. Qg3 Bf5 15. Nxc6 Bxf4 16. Qxf4 Nxc6 17. Qxf5 Nxd4 18. Qd3 Nxb3 19. Qxb3 Qc7 20. Rad1 Rfe8 21. c3 Rxe1+ 22. Rxe1 Rd8 23. Qb4 h6 24. Re7 Rd7 25. Re8+ Kh7 26. g3 Qc4 27. Qa3 Qc6 28. Qb3 d4 29. cxd4 Rxd4 30. Re7 Rd7 31. Re2 b5 32. h4 a5 33. Qc2+ Qxc2 34. Rxc2 Rd5 35. Kg2 h5 36. f4 Kg6 37. Re2 Kf5 38. Kh3 f6 39. b3 g6 40. Re3 b4 41. Re2 Rd3 42. Rc2 Rc3 43. Re2 Rc1 44. Rd2 Ke4 45. Rd6 Kf3 46. Rd3+ Ke4 47. Rd6 Kf3 48. Rd3+ 1/2-1/2

[Event "Barcelona La Lira op 32nd"]
[Site "Barcelona"]
[Date "2014.03.06"]
[Round "8"]
[White "Gonzalez Canovas, Sebastian"]
[Black "Massanet Miret, Pere"]
[Result "1-0"]
[WhiteElo "1635"]
[BlackElo "1712"]
[PlyCount "53"]
[EventDate "2014.01.16"]
[EventType "swiss"]
[EventRounds "9"]
[EventCountry "ESP"]
[SourceTitle "EXT 2015"]
[Source "ChessBase"]
[SourceDate "2014.11.20"]
[SourceVersion "1"]
[SourceVersionDate "2014.11.20"]
[SourceQuality "1"]

1. d4 Nf6 2. c4 g6 3. Nc3 Bg7 4. e4 d6 5. f3 0-0 6. Be3 e5 7. d5 Nbd7 8. Qd2 Nb6 9. c5 dxc5 10. Bxc5 Re8 11. 0-0-0 Bf8 12. Bxf8 Rxf8 13. g4 Kg7 14. b3 Ne8 15. h4 Nd6 16. g5 f5 17. Bh3 a5 18. a4 Nd7 19. exf5 Nxf5 20. Bxf5 Rxf5 21. Qe3 Qe7 22. Kb2 b6 23. Nge2 Nc5 24. Nd4 Rf8 25. Nc6 Qf7 26. Qxe5+ Kg8 27. Ne7+ 1-0

[Event "Barcelona La Lira op 32nd"]
[Site "Barcelona"]
[Date "2014.02.06"]
[Round "4"]
[White "Volart Buil, Jordi"]
[Black "Massanet Miret, Pere"]
[Result "0-1"]
[WhiteElo "1784"]
[BlackElo "1712"]
[PlyCount "78"]
[EventDate "2014.01.16"]
[EventType "swiss"]
[EventRounds "9"]
[EventCountry "ESP"]
[SourceTitle "EXT 2015"]
[Source "ChessBase"]
[SourceDate "2014.11.20"]
[SourceVersion "1"]
[SourceVersionDate "2014.11.20"]
[SourceQuality "1"]

1. e4 c6 2. d4 d5 3. Nc3 dxe4 4. f3 e5 5. fxe4 exd4 6. Bc4 Qf6 7. Nce2 Qh4+ 8. Ng3 Bb4+ 9. Bd2 Bd6 10. Qf3 Be6 11. Bxe6 fxe6 12. Qh5+ Qxh5 13. Nxh5 g6 14. Nf4 Bxf4 15. Bxf4 Nd7 16. Nf3 c5 17. Bd6 Ngf6 18. Ng5 e5 19. Ne6 Nxe4 20. Bxe5 Nxe5 21. Nc7+ Kd7 22. Nxa8 Rxa8 23. 0-0 Nd6 24. Rf4 Re8 25. Rd1 Nf5 26. Kf2 Re7 27. b4 b6 28. bxc5 bxc5 29. Rb1 Kc6 30. g4 Ne3 31. Rf6+ Kd5 32. h3 N5xg4+ 33. hxg4 Nxg4+ 34. Kg3 Nxf6 35. Kf4 h6 36. Rb8 Re2 37. Rd8+ Kc4 38. Rd6 Rxc2 39. Rxf6 Rf2+ 0-1

[Event "Barcelona La Lira op 32nd"]
[Site "Barcelona"]
[Date "2014.01.16"]
[Round "1"]
[White "Massanet Miret, Pere"]
[Black "Asensio Linan, Teodoro"]
[Result "0-1"]
[WhiteElo "1712"]
[BlackElo "2199"]
[PlyCount "80"]
[EventDate "2014.01.16"]
[EventType "swiss"]
[EventRounds "9"]
[EventCountry "ESP"]
[SourceTitle "EXT 2015"]
[Source "ChessBase"]
[SourceDate "2014.11.20"]
[SourceVersion "1"]
[SourceVersionDate "2014.11.20"]
[SourceQuality "1"]

1. d4 d6 2. Nf3 f5 3. Bf4 c6 4. e3 Nf6 5. h3 g6 6. Nbd2 Bg7 7. Be2 0-0 8. 0-0 a5 9. c4 h6 10. Rb1 Qe8 11. Qc2 Nbd7 12. Nb3 Ne4 13. Bd3 e5 14. Bh2 a4 15. Nbd2 Ng5 16. Nxg5 hxg5 17. dxe5 dxe5 18. c5 Rf6 19. Nc4 Bf8 20. Nb6 Nxb6 21. cxb6 c5 22. Bc4+ Kh7 23. Rfd1 Rxb6 24. Rd2 a3 25. b3 Rb4 26. Rbd1 Be6 27. Bxe6 Qxe6 28. Rd7+ Kg8 29. Qc3 f4 30. R7d5 Rd4 31. R5xd4 exd4 32. exd4 Rd8 33. Re1 cxd4 34. Qa5 Qd5 35. Qc7 d3 36. Bxf4 gxf4 37. Qxf4 d2 38. Rd1 Qh5 39. Qc4+ Qd5 40. Qg4 Rd6 0-1

[Event "Barcelona Primavera La Lira op 6th"]
[Site "Barcelona"]
[Date "2013.05.09"]
[Round "5"]
[White "Demestres Lopez, Ricardo"]
[Black "Massanet Miret, Pere"]
[Result "1/2-1/2"]
[WhiteElo "1656"]
[BlackElo "1728"]
[PlyCount "82"]
[EventDate "2013.04.11"]
[EventType "swiss"]
[EventRounds "9"]
[EventCountry "ESP"]
[SourceTitle "CBM 154 Extra"]
[Source "ChessBase"]
[SourceDate "2013.06.25"]
[SourceVersion "2"]
[SourceVersionDate "2013.06.25"]
[SourceQuality "1"]

1. e4 c6 2. d4 d5 3. Nc3 dxe4 4. Nxe4 Bf5 5. Ng3 Bg6 6. Nf3 Nd7 7. Bd3 Bxd3 8. Qxd3 Ngf6 9. 0-0 g6 10. Bf4 Bg7 11. Rfe1 0-0 12. c4 Re8 13. Re2 Nc5 14. Qc2 Ne6 15. Be5 Qd7 16. Rd1 Rad8 17. h3 Qc8 18. Qa4 a6 19. Qc2 Nd7 20. Bxg7 Nxg7 21. Rde1 e6 22. Ne4 Qc7 23. Qc3 Rf8 24. c5 Ne8 25. g3 Ndf6 26. Ned2 Rd5 27. Nc4 Ng7 28. Nb6 Rdd8 29. Re5 Nd7 30. Nxd7 Rxd7 31. b4 Rfd8 32. R5e2 Rd5 33. Re5 Nf5 34. Rxd5 Rxd5 35. Kg2 Qd8 36. Re4 Rd7 37. g4 Nh4+ 38. Nxh4 Qxh4 39. Qf3 Qd8 40. Qe3 Rd5 41. f4 Qd7 1/2-1/2

[Event "Barcelona Primavera La Lira op 6th"]
[Site "Barcelona"]
[Date "2013.04.11"]
[Round "1"]
[White "Leiro Giralt, Daniel"]
[Black "Massanet Miret, Pere"]
[Result "1-0"]
[WhiteElo "2187"]
[BlackElo "1728"]
[PlyCount "115"]
[EventDate "2013.04.11"]
[EventType "swiss"]
[EventRounds "9"]
[EventCountry "ESP"]
[SourceTitle "CBM 154 Extra"]
[Source "ChessBase"]
[SourceDate "2013.06.25"]
[SourceVersion "2"]
[SourceVersionDate "2013.06.25"]
[SourceQuality "1"]

1. e4 c6 2. Nc3 d5 3. Nf3 dxe4 4. Nxe4 Nf6 5. Nxf6+ exf6 6. d4 Bd6 7. Be2 0-0 8. 0-0 Be6 9. b3 Nd7 10. Bb2 Re8 11. c4 Nf8 12. Qc2 Bg4 13. h3 Bh5 14. Rfe1 Rc8 15. a3 Bb8 16. Nh4 Rxe2 17. Rxe2 Bxe2 18. Qxe2 Qd7 19. Rd1 Re8 20. Qf3 Qe7 21. g3 Ng6 22. Nxg6 fxg6 23. d5 cxd5 24. cxd5 Bd6 25. b4 Rd8 26. Bc3 b6 27. Re1 Qd7 28. Kg2 Re8 29. Rxe8+ Qxe8 30. Bd2 Kf7 31. Bf4 Qd7 32. Bxd6 Qxd6 33. Qe4 f5 34. Qd4 g5 35. Qc4 Kf6 36. Qc3+ Kf7 37. Qc6 Ke7 38. Qb7+ Qd7 39. Qa8 Kf6 40. Qf8+ Ke5 41. d6 Qxd6 42. Qxg7+ Kd5 43. Qxh7 Qe6 44. Qxa7 Kc4 45. Qb7 Kb5 46. Qf3 Ka4 47. Qe3 Qg6 48. Qd3 Qf6 49. Qa6+ Kb3 50. a4 Kxb4 51. a5 Qc6+ 52. Kh2 Qc2 53. Qxb6+ Ka3 54. Qe3+ Ka4 55. a6 g4 56. a7 Qc8 57. Qd4+ Kb5 58. Qd5+ 1-0

[Event "Barcelona Primavera La Lira op 5th"]
[Site "Barcelona"]
[Date "2012.05.17"]
[Round "5"]
[White "Massanet Miret, Pere"]
[Black "Coll Terradas, Fernando"]
[Result "1-0"]
[WhiteElo "1734"]
[BlackElo "1850"]
[PlyCount "85"]
[EventDate "2012.04.19"]
[EventType "swiss"]
[EventRounds "9"]
[EventCountry "ESP"]
[SourceTitle "CBM 148 Extra"]
[Source "ChessBase"]
[SourceDate "2012.06.22"]
[SourceVersion "1"]
[SourceVersionDate "2012.06.22"]
[SourceQuality "1"]

1. d4 g6 2. Nf3 Bg7 3. Bf4 Nf6 4. h3 0-0 5. e3 d6 6. c4 Re8 7. Nc3 Nbd7 8. Be2 a6 9. 0-0 Rb8 10. Rb1 c5 11. Bh2 b6 12. b3 Bb7 13. Rc1 Ne4 14. Nxe4 Bxe4 15. Ng5 Bb7 16. d5 h6 17. Nf3 Nf8 18. Bd3 Bc8 19. Qc2 b5 20. e4 b4 21. e5 Rb6 22. Rfe1 Bd7 23. exd6 exd6 24. Rxe8 Qxe8 25. Re1 Qd8 26. Re2 Qf6 27. Nd2 Bf5 28. Bxf5 gxf5 29. Re8 Qc3 30. Qd1 Bf6 31. Re3 Qb2 32. Rf3 Bg5 33. Bf4 Bxf4 34. Rxf4 Qe5 35. g3 Rb8 36. Qh5 Qg7 37. Qxf5 Re8 38. Rg4 Ng6 39. Ne4 Re5 40. Nf6+ Kh8 41. Qc8+ Qf8 42. Qxf8+ Nxf8 43. Rg8# 1-0

[Event "Barcelona La Lira op 30th"]
[Site "Barcelona"]
[Date "2012.03.02"]
[Round "7"]
[White "Peiron Lluch, Jose Daniel"]
[Black "Massanet Miret, Pere"]
[Result "0-1"]
[WhiteElo "2000"]
[BlackElo "1734"]
[PlyCount "134"]
[EventDate "2012.01.20"]
[EventType "swiss"]
[EventRounds "8"]
[EventCountry "ESP"]
[SourceTitle "EXT 2013"]
[Source "ChessBase"]
[SourceDate "2012.11.22"]
[SourceVersion "1"]
[SourceVersionDate "2012.11.22"]
[SourceQuality "1"]

1. e4 c6 2. d4 d5 3. Nc3 dxe4 4. Nxe4 Bf5 5. Ng3 Bg6 6. Nf3 Nd7 7. h4 h6 8. h5 Bh7 9. Bd3 Bxd3 10. Qxd3 e6 11. Be3 Ngf6 12. 0-0 Bd6 13. Ne4 Nxe4 14. Qxe4 Nf6 15. Qh4 Qc7 16. c4 Qe7 17. Rac1 0-0 18. c5 Bc7 19. g4 Nd5 20. Qxe7 Nxe7 21. Nd2 Nd5 22. Rce1 Rfe8 23. f4 Rad8 24. Nb3 Nf6 25. g5 hxg5 26. fxg5 Nxh5 27. Rf3 g6 28. Bd2 Ng7 29. Kf2 Rd5 30. Be3 Rf5 31. Nd2 Rxf3+ 32. Kxf3 Ba5 33. Re2 Nf5 34. Ne4 Kg7 35. Nf6 Rh8 36. Kg2 Bd8 37. Ne4 Rh5 38. Bf4 Rh4 39. Be5+ Kf8 40. Kf3 Ke8 41. b4 Kd7 42. Rb2 Bc7 43. Nf6+ Kc8 44. Ng4 Bd8 45. Bf6 Bxf6 46. gxf6 Nxd4+ 47. Kg3 Nf5+ 48. Kf3 Rh3+ 49. Kf4 Rh4 50. Kf3 Nd4+ 51. Kg3 Rh5 52. Rd2 e5 53. Nxe5 Rxe5 54. Rxd4 Rf5 55. Rd6 Kc7 56. Kg4 b6 57. cxb6+ axb6 58. Rd3 Rxf6 59. Kg5 Rf2 60. a3 Rf5+ 61. Kg4 c5 62. bxc5 bxc5 63. a4 Kb6 64. Rd8 c4 65. Rc8 Rc5 66. Rb8+ Ka5 67. Ra8+ Kb4 0-1

[Event "Barcelona La Lira op 30th"]
[Site "Barcelona"]
[Date "2012.02.10"]
[Round "4"]
[White "Massanet Miret, Pere"]
[Black "Flores Linan, Josep Luis"]
[Result "0-1"]
[WhiteElo "1734"]
[BlackElo "1918"]
[PlyCount "28"]
[EventDate "2012.01.20"]
[EventType "swiss"]
[EventRounds "8"]
[EventCountry "ESP"]
[SourceTitle "EXT 2013"]
[Source "ChessBase"]
[SourceDate "2012.11.22"]
[SourceVersion "1"]
[SourceVersionDate "2012.11.22"]
[SourceQuality "1"]

1. d4 Nf6 2. Nf3 g6 3. Bf4 Bg7 4. e3 0-0 5. Bd3 d6 6. Nbd2 Nbd7 7. h3 Nd5 8. Bg3 e5 9. dxe5 Nxe5 10. Nxe5 dxe5 11. c3 Nxe3 12. fxe3 Qxd3 13. Qe2 Bf5 14. e4 Qxg3+ 0-1

[Event "Barcelona Primavera La Lira op 4th"]
[Site "Barcelona"]
[Date "2011.04.28"]
[Round "4"]
[White "Massanet Miret, Pere"]
[Black "Alarcon Robles, Pedro"]
[Result "0-1"]
[WhiteElo "1755"]
[BlackElo "1918"]
[PlyCount "88"]
[EventDate "2011.03.31"]
[EventType "swiss"]
[EventRounds "9"]
[EventCountry "ESP"]
[SourceTitle "EXT 2012"]
[Source "ChessBase"]
[SourceDate "2011.11.24"]
[SourceVersion "1"]
[SourceVersionDate "2011.11.24"]
[SourceQuality "1"]

1. c4 Nf6 2. Nc3 g6 3. g3 c5 4. Bg2 Nc6 5. Nf3 Bg7 6. 0-0 0-0 7. d3 a6 8. Bd2 e5 9. e4 h6 10. Re1 Rb8 11. a3 d6 12. Rb1 b5 13. Nd5 b4 14. axb4 Nxd5 15. exd5 Nxb4 16. Bxb4 Rxb4 17. b3 Bg4 18. h3 Bxf3 19. Bxf3 Qb6 20. Qc2 f5 21. Bd1 f4 22. Qd2 Qd8 23. Re4 fxg3 24. fxg3 Qf6 25. Qg2 Qd8 26. Ra1 a5 27. Qa2 Rb7 28. Qg2 Rbf7 29. Be2 Qb6 30. Rf1 Qxb3 31. Rxf7 Rxf7 32. Bf1 a4 33. Qd2 a3 34. Re2 Qb1 35. Re1 Qb2 36. Qxb2 axb2 37. Rb1 e4 38. dxe4 Ra7 39. Bd3 Ra3 40. Be2 Rxg3+ 41. Kf2 Rxh3 42. Ke1 Re3 43. Kd2 Rxe4 44. Bd3 Rg4 0-1

[Event "Barcelona Primavera La Lira op 4th"]
[Site "Barcelona"]
[Date "2011.03.31"]
[Round "1"]
[White "Massanet Miret, Pere"]
[Black "Martorell Aubanell, Adria"]
[Result "0-1"]
[WhiteElo "1755"]
[BlackElo "2102"]
[PlyCount "64"]
[EventDate "2011.03.31"]
[EventType "swiss"]
[EventRounds "9"]
[EventCountry "ESP"]
[SourceTitle "EXT 2012"]
[Source "ChessBase"]
[SourceDate "2011.11.24"]
[SourceVersion "1"]
[SourceVersionDate "2011.11.24"]
[SourceQuality "1"]

1. c4 Nf6 2. Nc3 g6 3. g3 Bg7 4. Bg2 0-0 5. Nf3 d6 6. d4 Nbd7 7. 0-0 c6 8. b3 Qa5 9. Qd2 e5 10. e3 Re8 11. Ne4 Qc7 12. Nxf6+ Nxf6 13. dxe5 dxe5 14. Bb2 Bf5 15. Rfd1 Ne4 16. Qe1 Nc5 17. Bf1 Bg4 18. Be2 e4 19. Bxg7 exf3 20. Bf1 Kxg7 21. Qc3+ Qe5 22. Qb4 a5 23. Qa3 Ne6 24. Qc1 Rad8 25. h3 Bf5 26. Kh2 Rxd1 27. Qxd1 Rd8 28. Qe1 h5 29. Rd1 h4 30. Rxd8 hxg3+ 31. fxg3 Nxd8 32. Qd1 Qxe3 0-1